000
00320 a2200109 4500
001
ART_41132
005
20260410161628.0
008
260409a
245
1
0
_a
Efectos contables e impositivos del sinceramiento fiscal
100
1
_a
Bello, Alberto M.
773
0
_t
Enfoques
_g
- NÂș 1 (ene. 2017)
_w
REV416
999
_c
12231
_d
12231